00676nam a2200181 a 4500020001800000082001900018100001400037245005200051260005000103300000800153500003500161650002500196700001400221942000700235952012000242952011500362999001700477 a0521615348 00a305.80954bLAL aLal, Ruby aDomesticity and Power in the Early Mughal World aCambridge bCambridge University Press c2005 a241 aincludes index and biblioraphy aMughal India-Society1 aLal, Rubr cBK 001040708StackRoom-aHMIbHMId2007-04-16g795.00l0o305.80954 LALp021656r2007-04-16v795.00w2007-04-16yBK 00104070aHMIbHMIcGENd2023-09-25eDirectorg695.00l0o305.80954 LALp11-4775r2023-09-25w2023-09-25yBK c13614d13614